Biblioteca practica de negocios / (Record no. 173892)
[ view plain ]
| 000 -CABECERA | |
|---|---|
| campo de control de longitud fija | 01026nam a2200301Ia 4500 |
| 001 - NÚMERO DE CONTROL | |
| campo de control | dia_3428 |
| 003 - IDENTIFICADOR DEL NÚMERO DE CONTROL | |
| campo de control | CHAP |
| 005 - FECHA Y HORA DE LA ÚLTIMA TRANSACCIÓN | |
| campo de control | 20251023163108.0 |
| 008 - DATOS DE LONGITUD FIJA--INFORMACIÓN GENERAL | |
| campo de control de longitud fija | 220117s1988 xx 000 0 und d |
| 010 ## - NÚMERO DE CONTROL DE LA BIBLIOTECA DEL CONGRESO | |
| Número de control de LC | 173892 |
| 020 ## - NÚMERO INTERNACIONAL ESTÁNDAR DEL LIBRO | |
| Número Internacional Estándar del Libro | 968-451-715-7 |
| 040 ## - FUENTE DE LA CATALOGACIÓN | |
| Centro/agencia transcriptor | CHAP |
| 082 ## - NÚMERO DE LA CLASIFICACIÓN DECIMAL DEWEY | |
| Número de clasificación | 658 B5Y |
| 110 ## - ENTRADA PRINCIPAL--NOMBRE DE ENTIDAD CORPORATIVA | |
| Nombre de entidad corporativa o nombre de jurisdicción como elemento de entrada | Mc Graw-Hill |
| 9 (RLIN) | 154667 |
| 245 ## - MENCIÓN DE TÍTULO | |
| Título | Biblioteca practica de negocios / |
| Mención de responsabilidad, etc. | Mc Graw-Hill |
| 260 ## - PUBLICACIÓN, DISTRIBUCIÓN, ETC. | |
| Lugar de publicación, distribución, etc. | México : |
| Nombre del editor, distribuidor, etc. | Mc Graw-Hill, |
| Fecha de publicación, distribución, etc. | 1988 |
| 300 ## - DESCRIPCIÓN FÍSICA | |
| Extensión | 8 vol. |
| 500 ## - NOTA GENERAL | |
| Nota general | La biblioteca tien: v.1 Administración moderna; v.2 Administración de operaciones; v.3 Administración de personal y recursos humanos; v.4 Administración financiera; v.5 Contabilidad; v.6 Economía; v.7 Mercadotecnía; v.8 Informática |
| 503 ## - NOTA DE HISTORIA BIBLIOGRÁFICA (BK CF MU) [OBSOLETO] | |
| Nota de historia bibliográfica | I.144346 |
| 650 ## - PUNTO DE ACCESO ADICIONAL DE MATERIA--TÉRMINO DE MATERIA | |
| Término de materia o nombre geográfico como elemento de entrada | 1.Adminstración |
| 9 (RLIN) | 154668 |
| 650 ## - PUNTO DE ACCESO ADICIONAL DE MATERIA--TÉRMINO DE MATERIA | |
| Término de materia o nombre geográfico como elemento de entrada | Contabilidad |
| 9 (RLIN) | 27421 |
| 650 ## - PUNTO DE ACCESO ADICIONAL DE MATERIA--TÉRMINO DE MATERIA | |
| Término de materia o nombre geográfico como elemento de entrada | EconomÍa |
| 9 (RLIN) | 35226 |
| 650 ## - PUNTO DE ACCESO ADICIONAL DE MATERIA--TÉRMINO DE MATERIA | |
| Término de materia o nombre geográfico como elemento de entrada | Mercadotecnía |
| 9 (RLIN) | 148164 |
| 901 ## - ELEMENTOS DE DATOS A LOCAL LDA (RLIN) | |
| a | 658 B5Y |
| 902 ## - ELEMENTOS DE DATOS B LOCAL, LDB (RLIN) | |
| a | M |
| 905 ## - ELEMENTOS DE DATOS E LOCAL, LDE (RLIN) | |
| a | 0000001988 MX X 0000000000SPA00 |
| 942 ## - ELEMENTOS DE PUNTO DE ACCESO ADICIONAL (KOHA) | |
| Tipo de ítem Koha | Libro |
| Fuente del sistema de clasificación o colocación | Dewey Decimal Classification |
| Estado de retiro | Estado de pérdida | Fuente del sistema de clasificación o colocación | Estado dañado | Restricciones de uso | No para préstamo | Código de colección | Localización permanente | Ubicación/localización actual | Fecha de adquisición | Fuente de adquisición | Coste, precio normal de compra | Enumeración/cronología de publicación seriada | Número de inventario | Total de préstamos | Signatura topográfica completa | Código de barras | Fecha visto por última vez | Número de copia | Tipo de ítem Koha |
|---|---|---|---|---|---|---|---|---|---|---|---|---|---|---|---|---|---|---|---|
| Dewey Decimal Classification | Préstamo interno | General | Ingenieria Agroindustrial | Ingenieria Agroindustrial | 02/02/1989 | Compra AMAT F. 4785 / Res. 21948 (2-Feb-1989) | 37500.00 | Volumen: 8 | 144346 | 658 B5Y V.8 | dia_2966 | 18/01/2022 | Ej. 1 | Libro | |||||
| Dewey Decimal Classification | Préstamo interno | General | Ingenieria Agroindustrial | Ingenieria Agroindustrial | 02/02/1989 | Compra AMAT F. 4785 / Res. 21948 (2-Feb-1989) | 37500.00 | Volumen: 1 | 144346 | 658 B5Y V.1 | dia_2959 | 18/01/2022 | Ej. 1 | Libro | |||||
| Dewey Decimal Classification | Préstamo interno | General | Ingenieria Agroindustrial | Ingenieria Agroindustrial | 02/02/1989 | Compra AMAT F. 4785 / Res. 21948 (2-Feb-1989) | 37500.00 | Volumen: 2 | 144346 | 658 B5Y V.2 | dia_2960 | 18/01/2022 | Ej. 1 | Libro | |||||
| Dewey Decimal Classification | Préstamo interno | General | Ingenieria Agroindustrial | Ingenieria Agroindustrial | 02/02/1989 | Compra AMAT F. 4785 / Res. 21948 (2-Feb-1989) | 37500.00 | Volumen: 3 | 144346 | 658 B5Y V.3 | dia_2961 | 18/01/2022 | Ej. 1 | Libro | |||||
| Dewey Decimal Classification | Préstamo interno | General | Ingenieria Agroindustrial | Ingenieria Agroindustrial | 02/02/1989 | Compra AMAT F. 4785 / Res. 21948 (2-Feb-1989) | 37500.00 | Volumen: 4 | 144346 | 658 B5Y V.4 | dia_2962 | 18/01/2022 | Ej. 1 | Libro | |||||
| Dewey Decimal Classification | Préstamo interno | General | Ingenieria Agroindustrial | Ingenieria Agroindustrial | 02/02/1989 | Compra AMAT F. 4785 / Res. 21948 (2-Feb-1989) | 37500.00 | Volumen: 5 | 144346 | 658 B5Y V.5 | dia_2963 | 18/01/2022 | Ej. 1 | Libro | |||||
| Dewey Decimal Classification | Préstamo interno | General | Ingenieria Agroindustrial | Ingenieria Agroindustrial | 02/02/1989 | Compra AMAT F. 4785 / Res. 21948 (2-Feb-1989) | 37500.00 | Volumen: 6 | 144346 | 658 B5Y V.6 | dia_2964 | 18/01/2022 | Ej. 1 | Libro | |||||
| Dewey Decimal Classification | Préstamo interno | General | Ingenieria Agroindustrial | Ingenieria Agroindustrial | 02/02/1989 | Compra AMAT F. 4785 / Res. 21948 (2-Feb-1989) | 37500.00 | Volumen: 7 | 144346 | 658 B5Y V.7 | dia_2965 | 18/01/2022 | Ej. 1 | Libro |
